000 00440nam a2200205Ia 4500
001 14377
003 GE_BSU
008 181216s||||||||xx |||||||||||||| ||und||
020 _a0593016475
040 _cGE_BSU
080 _a821.111-311.6
100 _aForsyth,Frederick
245 4 _aThe Negotiator
260 _aLondon
260 _bBontam Press
260 _c1989
300 _a448p.25cm.
653 _aThe Negotiator
942 _cBK
999 _c47513
_d47513